000
00244nam a2200097Ia 4500
005
20251222143224.0
008
251222s9999||||xx |||||||||||||| ||spa||
082
_a
265.9/H59
245
0
_a
Historia gráfica del Señor de los Milagros
942
_c
LIB
999
_c
13915
_d
13915